[Event "aut_chT04"]
[Site "Fuerstenfeld"]
[Date "2005.01.15"]
[Round "6"]
[Board "4"]
[White "Brestian, Egon"]
[Black "Stanec, Nikolaus"]
[Result "0-1"]
[WhiteElo "2415"]
[BlackElo "2566"]
[PlyCount "76"]

1.d4 Nf6 2.Nf3 c5 3.d5 b5 4.c4 g6 5.cxb5 a6 6.bxa6 Bxa6 7.Nc3 Bg7 8.e4 Bxf1
9.Kxf1 d6 10.g3 Nbd7 11.Kg2 Ng4 12.Re1 O-O 13.Re2 Nge5 14.Nxe5 Nxe5 15.Bf4 Qa5
16.Bxe5 Bxe5 17.Rc1 Rfb8 18.Qc2 Bd4 19.b3 Rb4 20.Nd1 Qa6 21.Qd2 Bg7 22.Qc2 h5
23.Ne3 Bh6 24.Rce1 Bxe3 25.fxe3 c4 26.Rf2 cxb3 27.axb3 Rc8 28.Qd1 Qb6 29.Qf3 Rf8
30.Rb1 Rxb3 31.Rxb3 Qxb3 32.h4 Kg7 33.Qe2 f6 34.Kf3 Rc8 35.Rf1 Rc2 36.Qa6 Qb2
37.Qa7 Kf7 38.Qd4 Qa2

[Event "aut_chT04"]
[Site "Fuerstenfeld"]
[Date "2005.01.15"]
[Round "6"]
[Board "6"]
[White "Bawart, Markus"]
[Black "Knoll, Hermann"]
[Result "1-0"]
[WhiteElo "2355"]
[BlackElo "2356"]
[PlyCount "113"]

1.e4 e5 2.Nf3 Nc6 3.Bb5 a6 4.Ba4 Nf6 5.O-O Be7 6.Bxc6 dxc6 7.d3 Nd7 8.Nbd2 O-O
9.Nc4 f6 10.d4 exd4 11.Nxd4 Nc5 12.f3 Ne6 13.Be3 Nxd4 14.Qxd4 Qxd4 15.Bxd4 Be6
16.Na5 c5 17.Be3 b6 18.Nc6 Bd6 19.Rfd1 Rfe8 20.b4 cxb4 21.Bxb6 Bxh2+ 22.Kxh2
cxb6 23.Nxb4 a5 24.Nc6 b5 25.a3 Ra6 26.Rd6 Kf8 27.Rad1 Bc4 28.Kg3 Rc8 29.Rd8+
Rxd8 30.Rxd8+ Kf7 31.Rd6 Kf8 32.Kf4 b4 33.axb4 a4 34.Rd8+ Kf7 35.Na5 Be6 36.Rd1
Rb6 37.c3 a3 38.Ra1 a2 39.Ke3 g5 40.g4 Ke7 41.Kd3 Kf7 42.Nc4 Rb8 43.Ne3 Bb3
44.Nf5 Kf8 45.Nd4 Bf7 46.Kc2 Ra8 47.Kb2 Rd8 48.Rh1 Ra8 49.Ra1 Rd8 50.Kc2 Bc4
51.Kb2 Rd6 52.Rh1 Kg8 53.Rh2 Ra6 54.Ka1 Ra8 55.b5 Rc8 56.b6 Ba6 57.Rxa2

[Event "aut_chT04"]
[Site "Fuerstenfeld"]
[Date "2005.01.15"]
[Round "6"]
[Board "1"]
[White "Gustafsson, Jan"]
[Black "Baklan, Vladimir"]
[Result "1-0"]
[WhiteElo "2616"]
[BlackElo "2578"]
[PlyCount "139"]

1.d4 Nf6 2.c4 e6 3.g3 Bb4+ 4.Bd2 a5 5.Bg2 d5 6.Qc2 Nc6 7.Nf3 dxc4 8.Qxc4 Qd5
9.Qd3 Qf5 10.Qxf5 exf5 11.O-O Be6 12.a3 Bd6 13.Nc3 h6 14.Bf4 Bxf4 15.gxf4 Nd5
16.e3 Nce7 17.Rfc1 c6 18.Na4 f6 19.Nd2 g5 20.Nc5 Bc8 21.fxg5 hxg5 22.Nc4 Kd8
23.Nd6 Kc7 24.Nxc8 Rhxc8 25.Rc2 b6 26.Na4 Kd6 27.Rac1 Rab8 28.Nc3 Nxc3 29.bxc3
c5 30.c4 Rd8 31.Rb2 Kc7 32.Rb5 cxd4 33.c5 bxc5 34.Rxa5 Rd7 35.Raxc5+ Kd8 36.exd4
Rxd4 37.Ra5 Rd6 38.Ra7 Ng6 39.Rg7 Nf4 40.Bf1 Rb2 41.a4 Ne2+ 42.Bxe2 Rxe2 43.Rb1
Rd7 44.Rxd7+ Kxd7 45.Ra1 Re6 46.a5 Ra6 47.Kg2 Kc6 48.Kg3 Kb7 49.h4 gxh4+ 50.Kxh4
Ra8 51.Kh5 Re8 52.a6+ Ka7 53.Kg6 f4 54.Kf5 f3 55.Kf4 Re5 56.Kxf3 Rf5+ 57.Kg3
Rg5+ 58.Kf4 Rc5 59.Ra4 Rh5 60.Kg4 Rg5+ 61.Kh4 Rg2 62.f3 Rg1 63.Kh5 Rg5+ 64.Kh6
Rg3 65.f4 Rg4 66.Kh5 Rg2 67.Ra5 Rg1 68.Rf5 Kxa6 69.Rxf6+ Kb7 70.Rd6

[Event "aut_chT04"]
[Site "Fuerstenfeld"]
[Date "2005.01.15"]
[Round "6"]
[Board "2"]
[White "Kindermann, Stefan"]
[Black "Atlas, Valery"]
[Result "1/2-1/2"]
[WhiteElo "2536"]
[BlackElo "2478"]
[PlyCount "44"]

1.e4 c5 2.Nf3 e6 3.d4 cxd4 4.Nxd4 Nf6 5.Nc3 d6 6.Be2 a6 7.a4 b6 8.f4 Nbd7 9.Bf3
Bb7 10.O-O Rc8 11.Qe1 Rc4 12.e5 Rxd4 13.Bxb7 dxe5 14.fxe5 Ng4 15.Bxa6 Bc5 16.Kh1
Nxh2 17.Kxh2 Rh4+ 18.Kg3 Rh5 19.Qe4 Rxe5 20.Qf3 Rf5 21.Qe2 Re5 22.Qf3 Rf5

[Event "aut_chT04"]
[Site "Fuerstenfeld"]
[Date "2005.01.15"]
[Round "6"]
[Board "3"]
[White "Baramidze, David"]
[Black "Kosten, Anthony C."]
[Result "1/2-1/2"]
[WhiteElo "2550"]
[BlackElo "2527"]
[PlyCount "57"]

1.e4 e5 2.Nf3 Nc6 3.Bb5 g6 4.O-O Bg7 5.c3 a6 6.Ba4 d6 7.d4 Bd7 8.dxe5 Nxe5
9.Nxe5 dxe5 10.Bg5 Nf6 11.Bxd7+ Qxd7 12.Qxd7+ Kxd7 13.f3 Ke6 14.Nd2 Ne8 15.Nc4
Bf6 16.Be3 Rd8 17.Rfd1 Nd6 18.Nxd6 Rxd6 19.Rxd6+ Kxd6 20.Kf2 Rd8 21.Rd1+ Ke6
22.Rxd8 Bxd8 23.Ke2 f5 24.Kd3 b5 25.c4 c6 26.g4 Bh4 27.b3 fxg4 28.fxg4 Be7
29.cxb5

[Event "aut_chT04"]
[Site "Fuerstenfeld"]
[Date "2005.01.15"]
[Round "6"]
[Board "4"]
[White "Freitag, Manfred"]
[Black "Bezold, Michael"]
[Result "1-0"]
[WhiteElo "2396"]
[BlackElo "2532"]
[PlyCount "121"]

1.d4 e6 2.c4 Nf6 3.Nf3 c5 4.d5 exd5 5.cxd5 d6 6.Nc3 g6 7.Nd2 Nbd7 8.e4 a6 9.a4
Bg7 10.Be2 O-O 11.O-O Ne8 12.Nc4 Nb6 13.Ne3 Bd7 14.a5 Nc8 15.Qb3 Na7 16.Nc4 Nb5
17.Nb6 Nd4 18.Qd1 Rb8 19.Bg5 f6 20.Bh4 g5 21.Bg3 f5 22.exf5 Nxe2+ 23.Qxe2 Bxf5
24.Nc4 Rf7 25.Rfe1 Bf8 26.Ne4 Bxe4 27.Qxe4 Nc7 28.h4 gxh4 29.Bxh4 Qd7 30.Bg3 Rg7
31.Nb6 Qb5 32.Qe2 Re8 33.Qxb5 Rxe1+ 34.Qf1 Rxf1+ 35.Kxf1 Rg4 36.Nd7 Rg6 37.Rd1
Bg7 38.Nb6 Bf8 39.Bf4 Nb5 40.Nc4 Be7 41.Rd3 Nc7 42.g4 Kf8 43.f3 Ke8 44.Kf2 Nb5
45.Re3 Kd7 46.Re4 Bh4+ 47.Kg2 Bd8 48.Be3 h5 49.Kg3 Rg7 50.Re6 hxg4 51.fxg4 Re7
52.Rxe7+ Bxe7 53.Kf4 Bf6 54.g5 Bd4 55.Kf5 Ke7 56.Bf4 Bf2 57.Kg6 Bd4 58.b3 Nc3
59.Bxd6+ Kd7 60.Kf7 Ne4 61.Bf4

[Event "aut_chT04"]
[Site "Fuerstenfeld"]
[Date "2005.01.15"]
[Round "6"]
[Board "5"]
[White "Gaertner, Guntram"]
[Black "Karner, Christoph"]
[Result "1/2-1/2"]
[WhiteElo "2353"]
[BlackElo "2370"]
[PlyCount "92"]

1.c4 Nf6 2.Nc3 g6 3.g3 Bg7 4.Bg2 O-O 5.e4 d6 6.Nge2 e5 7.O-O c6 8.d3 Na6 9.h3
Ne8 10.Kh2 f5 11.f4 Be6 12.Be3 Nf6 13.Qd2 Qd7 14.b3 Qe7 15.Rad1 Nc7 16.Ng1 exf4
17.Bxf4 Rad8 18.Rde1 Nh5 19.Nce2 Nxf4 20.Nxf4 Qd7 21.Nxe6 Nxe6 22.exf5 gxf5
23.Nf3 c5 24.Nh4 f4 25.gxf4 Kh8 26.Bd5 Rde8 27.Rxe6 Rxe6 28.Bxe6 Qxe6 29.Ng2 Bd4
30.Qe1 Qg6 31.Qe4 Qg7 32.Qf3 Re8 33.Qg4 Qf7 34.Re1 Rg8 35.Qf3 a6 36.a4 b5
37.axb5 axb5 38.Qc6 Qg7 39.Qf3 Qf7 40.Qc6 b4 41.Qf3 Qa7 42.Qd1 Qb7 43.Qe2 Bc3
44.Rf1 Qg7 45.Qf3 Qa7 46.Qe2 Qg7

[Event "aut_chT04"]
[Site "Fuerstenfeld"]
[Date "2005.01.15"]
[Round "6"]
[Board "6"]
[White "Wegerer, Fred"]
[Black "Grabher, Heinz"]
[Result "1/2-1/2"]
[WhiteElo "2277"]
[BlackElo "2271"]
[PlyCount "71"]

1.Nf3 Nc6 2.d4 d5 3.c3 Bg4 4.Nbd2 e6 5.h3 Bf5 6.Qa4 Bd6 7.g4 Bg6 8.Bg2 Nf6 9.Nh4
Qd7 10.Nxg6 hxg6 11.e4 Bf4 12.Nb3 Bxc1 13.Nc5 Qc8 14.Rxc1 Nxe4 15.Nxe4 dxe4
16.Bxe4 Qd7 17.Bg2 Ne7 18.Qa5 Nd5 19.Rc2 c6 20.Bxd5 Qxd5 21.Qxd5 exd5 22.f3 Kd7
23.Re2 a5 24.Kf2 Rae8 25.Rxe8 Rxe8 26.h4 a4 27.Rb1 b5 28.Rh1 Re6 29.a3 Kd6
30.Rd1 Re8 31.Rh1 Rh8 32.Kg3 Re8 33.Kf2 Rh8 34.Kg3 Re8 35.Kf2 Rh8 36.Kg3

[Event "aut_chT04"]
[Site "Fuerstenfeld"]
[Date "2005.01.15"]
[Round "6"]
[Board "1"]
[White "Rotstein, Arkadij"]
[Black "Shchekachev, Andrei"]
[Result "0-1"]
[WhiteElo "2528"]
[BlackElo "2559"]
[PlyCount "142"]

1.c4 Nf6 2.g3 c6 3.b3 e5 4.Bb2 d6 5.Bg2 Nbd7 6.Nc3 Be7 7.e3 O-O 8.Nge2 Rb8 9.d3
a6 10.O-O Qc7 11.Rc1 b5 12.Qc2 Qb6 13.Ba1 Re8 14.Rfd1 Bf8 15.h3 b4 16.Ne4 Nxe4
17.Bxe4 Nf6 18.Bg2 h5 19.d4 c5 20.d5 Qd8 21.e4 h4 22.f4 exf4 23.gxf4 Nxe4
24.Bxe4 Qe7 25.Be5 dxe5 26.f5 Qg5+ 27.Kh2 Rb6 28.Rg1 Qh6 29.Rg4 Rf6 30.Rcg1 a5
31.Rg5 a4 32.R1g4 axb3 33.axb3 Ra6 34.Ng1 Bd7 35.Nf3 Rea8 36.Rg2 Kh8 37.Qe2 Ra1
38.Nd2 Kg8 39.Qf3 R8a2 40.Qe3 f6 41.Rxg7+ Qxg7 42.Rxg7+ Bxg7 43.Bg2 Kh7 44.Ne4
Rb1 45.Qf3 Rbb2 46.Qh5+ Kg8 47.Nd6 Rxg2+ 48.Kh1 Rg5 49.Qf7+ Kh7 50.Ne4 Rxf5
51.Kg1 Ra1+ 52.Kg2 Re1 53.Qxd7 Rf4 54.Nxc5 Re2+ 55.Kg1 Re3 56.Ne6 Rg3+ 57.Kh2
Rf2+ 58.Kh1 Rf1+ 59.Kh2 Rfg1 60.Nf4 exf4 61.Qf5+ Kg8 62.Qe6+ Kf8 63.Qc8+ Kf7
64.Qb7+ Kg6 65.d6 R3g2+ 66.Qxg2+ Rxg2+ 67.Kxg2 Bf8 68.c5 Kf5 69.Kf3 Ke5 70.Kg4
Ke4 71.d7 Be7

[Event "aut_chT04"]
[Site "Fuerstenfeld"]
[Date "2005.01.15"]
[Round "6"]
[Board "2"]
[White "Hertneck, Gerald"]
[Black "Beim, Valeri"]
[Result "1-0"]
[WhiteElo "2547"]
[BlackElo "2512"]
[PlyCount "41"]

1.e4 d6 2.d4 Nf6 3.Nc3 g6 4.Bg5 Bg7 5.Qd2 h6 6.Bh4 g5 7.Bg3 Nh5 8.O-O-O a6
9.Nge2 Nc6 10.f3 Nxg3 11.hxg3 e6 12.d5 Ne5 13.Nd4 Bd7 14.f4 Ng4 15.dxe6 fxe6
16.Be2 Bxd4 17.Qxd4 e5 18.fxe5 Nxe5 19.Bh5+ Ke7 20.Nd5+ Ke6 21.Rhf1

[Event "aut_chT04"]
[Site "Fuerstenfeld"]
[Date "2005.01.15"]
[Round "6"]
[Board "3"]
[White "Balinov, Ilia"]
[Black "Zelcic, Robert"]
[Result "1-0"]
[WhiteElo "2372"]
[BlackElo "2514"]
[PlyCount "115"]

1.e4 c6 2.Nf3 d5 3.Nc3 Bg4 4.h3 Bxf3 5.Qxf3 e6 6.g3 d4 7.Nb1 Nd7 8.d3 Be7 9.Qe2
e5 10.Bg2 h5 11.h4 Qc7 12.c3 c5 13.O-O O-O-O 14.cxd4 cxd4 15.Bd2 Kb8 16.Rc1 Qd6
17.Na3 g5 18.hxg5 Qg6 19.f4 h4 20.Qg4 Ngf6 21.Qf5 Nh5 22.Qxg6 fxg6 23.f5 Nxg3
24.f6 Bxa3 25.bxa3 Ne2+ 26.Kh2 Nxc1 27.Rxc1 b6 28.Bb4 Nc5 29.Bxc5 bxc5 30.Rxc5
Rde8 31.Bh3 Rh7 32.Bf5 Rg8 33.Be6 Re8 34.f7 Rf8 35.Rxe5 Rhxf7 36.Bxf7 Rxf7
37.Rd5 Rf2+ 38.Kg1 Rf3 39.Rxd4 Rg3+ 40.Kh2 Rxg5 41.Kh3 Rg1 42.Kxh4 Kc7 43.Rd5
Rg2 44.a4 Rxa2 45.Kg5 Rxa4 46.Kxg6 Ra1 47.e5 a5 48.e6 a4 49.e7 Re1 50.Kf7 Rf1+
51.Kg7 Rg1+ 52.Kf8 Rf1+ 53.Ke8 a3 54.Ra5 Ra1 55.Ra4 a2 56.d4 Kc8 57.d5 Kc7
58.Ra3

[Event "aut_chT04"]
[Site "Fuerstenfeld"]
[Date "2005.01.15"]
[Round "6"]
[Board "4"]
[White "Lendwai, Reinhard"]
[Black "Mahdy, Khaled"]
[Result "1/2-1/2"]
[WhiteElo "2412"]
[BlackElo "2383"]
[PlyCount "25"]

1.d4 Nf6 2.Nf3 g6 3.Nc3 Bg7 4.e4 d6 5.h3 O-O 6.Be3 Nc6 7.Qd2 e5 8.O-O-O exd4
9.Nxd4 Re8 10.f3 Nxd4 11.Bxd4 Be6 12.Kb1 c6 13.g4

[Event "aut_chT04"]
[Site "Fuerstenfeld"]
[Date "2005.01.15"]
[Round "6"]
[Board "5"]
[White "Kilgus, Georg"]
[Black "Danner, Georg"]
[Result "1/2-1/2"]
[WhiteElo "2353"]
[BlackElo "2435"]
[PlyCount "99"]

1.e4 c5 2.Nf3 d6 3.d4 cxd4 4.Nxd4 Nf6 5.Nc3 Nc6 6.Bc4 e6 7.O-O Be7 8.Bb3 O-O
9.Be3 Qa5 10.f4 Nxd4 11.Bxd4 e5 12.fxe5 dxe5 13.Bf2 Bc5 14.Kh1 Bxf2 15.Rxf2 Be6
16.Nd5 Nxe4 17.Re2 Rad8 18.Ne7+ Kh8 19.Qe1 Qxe1+ 20.Raxe1 Bxb3 21.axb3 Rfe8
22.Nc6 bxc6 23.Rxe4 f5 24.Rc4 Re6 25.Kg1 e4 26.Kf2 g6 27.Ke3 Kg7 28.Ra1 Rd7
29.Ra6 Rc7 30.b4 f4+ 31.Ke2 Rf7 32.Rcxc6 f3+ 33.Kf1 Re5 34.Re6 fxg2+ 35.Kg1 Rg5
36.Ra1 Rg4 37.c3 h5 38.h3 Rgf4 39.Kxg2 Rf2+ 40.Kg1 Rxb2 41.Rxe4 Rf3 42.Rxa7+ Kh6
43.h4 Rxc3 44.Rf7 Rg3+ 45.Kf1 Rh3 46.Kg1 Rg3+ 47.Kf1 Rb1+ 48.Kf2 Rgg1 49.Rff4
Rgc1 50.Rc4

[Event "aut_chT04"]
[Site "Fuerstenfeld"]
[Date "2005.01.15"]
[Round "6"]
[Board "6"]
[White "Ljubic, Juro"]
[Black "Kleiser, Gregor"]
[Result "1/2-1/2"]
[WhiteElo "2178"]
[BlackElo "2262"]
[PlyCount "122"]

1.e4 c5 2.Nf3 e6 3.d4 cxd4 4.Nxd4 a6 5.Bd3 Qb6 6.c3 d6 7.O-O Nf6 8.Be3 Qc7 9.c4
Nbd7 10.Nc3 g6 11.Qe2 Bg7 12.f4 b6 13.Rae1 Bb7 14.Kh1 O-O 15.f5 e5 16.Nc2 Nc5
17.Bg5 Rac8 18.Bxf6 Bxf6 19.Ne3 Bg5 20.Ned5 Qd8 21.Bb1 Nd7 22.Rd1 Kg7 23.b3 Rc5
24.Rd3 b5 25.cxb5 axb5 26.Rdf3 b4 27.Na4 Ra5 28.Nxb4 Nc5 29.Nxc5 dxc5 30.Rd1
cxb4 31.Rxd8 Rxd8 32.Qe1 Rc5 33.f6+ Bxf6 34.Bd3 Bg5 35.Bc4 Rc7 36.h4 Bd2 37.Qf1
f5 38.Rd3 Rcd7 39.exf5 Bf4 40.fxg6 hxg6 41.Kg1 Rxd3 42.Bxd3 Rd4 43.Qe2 e4 44.Ba6
Ba8 45.Qb2 Be5 46.Bf1 e3 47.a4 Re4 48.Qc2 Rxh4 49.Bb5 Bh2+ 50.Kf1 Rf4+ 51.Ke1
Bg3+ 52.Kd1 Rd4+ 53.Bd3 Be4 54.Qb2 Be5 55.Qxd4 Bxd4 56.Bxe4 Kf6 57.Ke2 g5 58.Kd3
Ke5 59.Bf3 Bb6 60.g3 Kf5 61.Kc4 Ke5

[Event "aut_chT04"]
[Site "Fuerstenfeld"]
[Date "2005.01.16"]
[Round "7"]
[Board "1"]
[White "Shchekachev, Andrei"]
[Black "Pinter, Jozsef"]
[Result "1-0"]
[WhiteElo "2559"]
[BlackElo "2535"]
[PlyCount "98"]

1.e4 e5 2.Nf3 Nc6 3.Bb5 Nf6 4.O-O Nxe4 5.d4 Nd6 6.Bxc6 dxc6 7.dxe5 Nf5 8.Qxd8+
Kxd8 9.Nc3 h6 10.Ne2 g5 11.b3 c5 12.Rd1+ Ke8 13.Nc3 Be7 14.Nd5 Bd8 15.Bb2 Be6
16.c4 b6 17.Nd2 Kd7 18.Ne4 Kc8 19.f3 Kb7 20.Kf2 a5 21.a4 Rg8 22.Rd3 Nh4 23.g3
Ng6 24.Rad1 Bf5 25.Ne3 Be6 26.Nd5 Bf5 27.R3d2 Re8 28.Ne3 Be6 29.Nf6 Rh8 30.Nh5
Rg8 31.Nd5 Be7 32.Ke3 Raf8 33.Nxe7 Nxe7 34.g4 Ng6 35.h3 Rh8 36.Ke4 Kc6 37.Nf6
Kb7 38.Bc3 Kc6 39.Bb2 Kb7 40.Bc1 Ne7 41.f4 gxf4 42.Kxf4 Ng8 43.Re2 Ne7 44.Bb2
Rd8 45.Red2 Kc8 46.Ke4 Ng6 47.Nd5 Kb7 48.Ne7 Bd7 49.Nf5 Bc6+

[Event "aut_chT04"]
[Site "Fuerstenfeld"]
[Date "2005.01.16"]
[Round "7"]
[Board "2"]
[White "Balogh, Csaba"]
[Black "Hertneck, Gerald"]
[Result "1-0"]
[WhiteElo "2519"]
[BlackElo "2547"]
[PlyCount "63"]

1.e4 e5 2.Nf3 Nc6 3.Bb5 a6 4.Bxc6 dxc6 5.O-O f6 6.d4 Bg4 7.dxe5 Qxd1 8.Rxd1 fxe5
9.Nbd2 O-O-O 10.Re1 Re8 11.h3 Bh5 12.g4 Bf7 13.Ng5 Bg6 14.Ndf3 Bd6 15.Nh4 Ne7
16.Nf5 Bxf5 17.exf5 g6 18.f6 Nd5 19.Ne4 h6 20.c4 Nf4 21.f7 Rd8 22.Bxf4 exf4
23.Nxd6+ cxd6 24.Re7 h5 25.Rae1 Rhf8 26.gxh5 gxh5 27.Kg2 b5 28.cxb5 axb5 29.Kf3
d5 30.R1e6 d4 31.Rxc6+ Kb8 32.Ke2

[Event "aut_chT04"]
[Site "Fuerstenfeld"]
[Date "2005.01.16"]
[Round "7"]
[Board "3"]
[White "Zelcic, Robert"]
[Black "Fogarasi, Tibor"]
[Result "1-0"]
[WhiteElo "2514"]
[BlackElo "2442"]
[PlyCount "79"]

1.e4 c5 2.Nf3 e6 3.d4 cxd4 4.Nxd4 Nc6 5.Nc3 Qc7 6.Be2 a6 7.O-O Nf6 8.a4 Be7
9.Kh1 O-O 10.f4 d6 11.Be3 Re8 12.Bf3 Bd7 13.Nb3 b6 14.Qe2 Nb4 15.Rad1 Bc6 16.Rd4
d5 17.e5 Nd7 18.Rd2 Nc5 19.a5 Nxb3 20.axb6 Nxd2 21.bxc7 Nxf1 22.Qxf1 Nxc2 23.Bb6
Nb4 24.Qd1 g6 25.Be2 Rec8 26.h3 Bf8 27.Kh2 Be8 28.Bf1 Nc6 29.Be2 Bb4 30.Qf1 Ba5
31.Bxa6 Rxc7 32.Bxc7 Bxc7 33.Nb5 Bb6 34.Nd6 Bd7 35.Bb5 Be3 36.Qf3 Bc1 37.Bxc6
Bxc6 38.Qc3 Bxf4+ 39.g3 Bxe5 40.Qxe5

[Event "aut_chT04"]
[Site "Fuerstenfeld"]
[Date "2005.01.16"]
[Round "7"]
[Board "4"]
[White "Baumegger, Siegfried"]
[Black "Lendwai, Reinhard"]
[Result "1/2-1/2"]
[WhiteElo "2417"]
[BlackElo "2412"]
[PlyCount "71"]

1.d4 d5 2.c4 c6 3.Nc3 Nf6 4.e3 a6 5.Bd3 Bg4 6.Nge2 e6 7.O-O Nbd7 8.Qc2 Bh5 9.Nf4
Bg6 10.Nxg6 hxg6 11.Qe2 Be7 12.Rd1 Qc7 13.g3 dxc4 14.Bxc4 b5 15.Bb3 e5 16.Bd2
O-O 17.Rac1 Rac8 18.Be1 exd4 19.exd4 Nb6 20.Qc2 Kh8 21.Ne4 Nxe4 22.Qxe4 Qd7
23.Rc2 Nd5 24.Rdc1 Kg8 25.Qf3 Bf6 26.Rd1 Rfe8 27.Ba5 Ne7 28.Bb6 Nd5 29.Bc5 Re6
30.a4 Rce8 31.axb5 axb5 32.Kg2 Re1 33.Rxe1 Rxe1 34.Re2 Rxe2 35.Qxe2 Ne7 36.Bxe7

[Event "aut_chT04"]
[Site "Fuerstenfeld"]
[Date "2005.01.16"]
[Round "7"]
[Board "5"]
[White "Danner, Georg"]
[Black "Kuba, Guenter"]
[Result "0-1"]
[WhiteElo "2435"]
[BlackElo "2364"]
[PlyCount "98"]

1.d4 d5 2.Nf3 Nc6 3.Bf4 Bg4 4.e3 e6 5.c4 Bb4+ 6.Nc3 Nf6 7.Rc1 O-O 8.Be2 dxc4
9.Bxc4 Nd5 10.Bg3 f5 11.h3 f4 12.Bxd5 Qxd5 13.hxg4 fxg3 14.Qd3 Bxc3+ 15.bxc3
gxf2+ 16.Kxf2 g6 17.c4 Ne5 18.Qe2 Nxg4+ 19.Kg3 Qf5 20.Rhf1 Nf6 21.Ne5 Qg5+
22.Kh2 Ne4 23.Rf3 Rf5 24.Rxf5 Qh4+ 25.Kg1 Ng3 26.Qf3 gxf5 27.Qxb7 Rf8 28.Nf3
Qh1+ 29.Kf2 Qxc1 30.Kxg3 Qxc4 31.Qxa7 Qc3 32.Kf4 Qc2 33.Qb7 Qxg2 34.Qc6 Qg4+
35.Ke5 Qe4+ 36.Qxe4 fxe4 37.Kxe4 h6 38.Ne5 Ra8 39.Ng4 Kg7 40.Ke5 Rxa2 41.Kxe6 h5
42.Ne5 Rf2 43.Kd7 h4 44.Kxc7 h3 45.Ng4 Rg2 46.d5 Rxg4 47.d6 Rg1 48.d7 Rc1+
49.Kb6 Rd1

[Event "aut_chT04"]
[Site "Fuerstenfeld"]
[Date "2005.01.16"]
[Round "7"]
[Board "6"]
[White "Wach, Markus"]
[Black "Ljubic, Juro"]
[Result "1/2-1/2"]
[WhiteElo "2369"]
[BlackElo "2178"]
[PlyCount "74"]

1.e4 c5 2.Nf3 b6 3.d4 cxd4 4.Nxd4 Bb7 5.Nc3 a6 6.Be2 e6 7.O-O d6 8.f4 Nd7 9.Bf3
Ngf6 10.e5 Bxf3 11.Qxf3 dxe5 12.Nc6 e4 13.Nxe4 Qc7 14.Nxf6+ Nxf6 15.c3 Bc5+
16.Kh1 O-O 17.b4 Bd6 18.c4 Rfc8 19.b5 axb5 20.cxb5 Ra4 21.g3 Rca8 22.Bb2 Rxa2
23.Rac1 Rxb2 24.Ne7+ Qxe7 25.Qxa8+ Ne8 26.Rc8 Kf8 27.Rfc1 Rxb5 28.Rxe8+ Qxe8
29.Rc8 Qxc8 30.Qxc8+ Ke7 31.Kg2 h5 32.Qb7+ Kf6 33.Qd7 Rd5 34.Qd8+ Kg6 35.Qxb6 h4
36.Kh3 hxg3 37.hxg3 Kh6

[Event "aut_chT04"]
[Site "Fuerstenfeld"]
[Date "2005.01.16"]
[Round "7"]
[Board "1"]
[White "Baklan, Vladimir"]
[Black "Rotstein, Arkadij"]
[Result "1/2-1/2"]
[WhiteElo "2578"]
[BlackElo "2528"]
[PlyCount "86"]

1.e4 c5 2.c3 Nf6 3.e5 Nd5 4.Nf3 e6 5.d4 cxd4 6.cxd4 d6 7.Bc4 Nb6 8.Bd3 dxe5
9.dxe5 Na6 10.Bg5 Be7 11.Bxe7 Qxe7 12.Nc3 O-O 13.O-O Nb4 14.Be4 Rd8 15.Qe2 N4d5
16.Rac1 Nxc3 17.Rxc3 Nd5 18.Bxd5 Rxd5 19.Rd1 Rxd1+ 20.Qxd1 Bd7 21.Rc7 Rd8 22.Qe1
Qf8 23.Rxb7 Bc6 24.Rc7 Bxf3 25.gxf3 g6 26.Qc1 Qb4 27.Rxa7 Qb5 28.Rc7 Rd4 29.Kg2
Qxe5 30.Qc5 Qf4 31.Rc8+ Kg7 32.Qf8+ Kf6 33.Qh8+ Kf5 34.Rc5+ e5 35.h4 Rd2 36.Qc8+
Kf6 37.Qg4 Qxg4+ 38.fxg4 Rxb2 39.Ra5 h5 40.Ra6+ Kg7 41.g5 Rb4 42.Kg3 Rg4+ 43.Kh3
Rf4

[Event "aut_chT04"]
[Site "Fuerstenfeld"]
[Date "2005.01.16"]
[Round "7"]
[Board "2"]
[White "Beim, Valeri"]
[Black "Kindermann, Stefan"]
[Result "1/2-1/2"]
[WhiteElo "2512"]
[BlackElo "2536"]
[PlyCount "49"]

1.d4 d5 2.c4 c6 3.Nf3 Nf6 4.Nc3 a6 5.e3 b5 6.b3 Bg4 7.Be2 e6 8.O-O Nbd7 9.Bb2
Bd6 10.Ne5 Bxe2 11.Nxe2 Qc7 12.cxd5 cxd5 13.Rc1 Qb8 14.f4 O-O 15.Rc6 Rc8 16.Qc2
Qb7 17.Rc1 Nb6 18.Ng3 g6 19.h3 Kg7 20.Kh2 Ng8 21.Qd2 Rxc6 22.Nxc6 Rc8 23.Ne5 Nf6
24.Bc3 Qc7 25.Ra1

[Event "aut_chT04"]
[Site "Fuerstenfeld"]
[Date "2005.01.16"]
[Round "7"]
[Board "3"]
[White "Kosten, Anthony C."]
[Black "Balinov, Ilia"]
[Result "0-1"]
[WhiteElo "2527"]
[BlackElo "2372"]
[PlyCount "68"]

1.Nf3 d5 2.c4 e6 3.d4 Nf6 4.Nc3 dxc4 5.e3 a6 6.Bxc4 b5 7.Bd3 Bb7 8.O-O c5 9.Qe2
Nbd7 10.Rd1 Qc7 11.e4 cxd4 12.Nxd4 Bd6 13.h3 O-O 14.a3 Rac8 15.Be3 Qb8 16.Rac1
Nc5 17.Bg5 Bh2+ 18.Kh1 Bf4 19.Bxf6 Bxc1 20.Be7 Nxd3 21.Bxf8 Bxb2 22.Bxg7 Kxg7
23.Rxd3 Bxc3 24.Qe3 Bxd4 25.Qg5+ Kf8 26.Rxd4 Qc7 27.Qf6 Ke8 28.g3 Rd8 29.Rb4 a5
30.Rxb5 Bxe4+ 31.Kh2 Rd1 32.Rb8+ Qxb8 33.Qh8+ Ke7 34.Qxb8 Rh1#

[Event "aut_chT04"]
[Site "Fuerstenfeld"]
[Date "2005.01.16"]
[Round "7"]
[Board "4"]
[White "Mahdy, Khaled"]
[Black "Freitag, Manfred"]
[Result "1-0"]
[WhiteElo "2383"]
[BlackElo "2396"]
[PlyCount "73"]

1.e4 c6 2.d4 g6 3.Bd3 Bg7 4.c3 d5 5.Nd2 Nh6 6.Ngf3 O-O 7.O-O Qc7 8.Re1 dxe4
9.Nxe4 Nf5 10.Qe2 b6 11.Ng3 Nxg3 12.hxg3 e6 13.Bf4 Qe7 14.g4 Bb7 15.Rad1 Nd7
16.Bc4 Rfe8 17.g5 Rad8 18.Rd3 b5 19.Bb3 c5 20.dxc5 Nxc5 21.Rxd8 Rxd8 22.Bc2 a6
23.Ne5 Bd5 24.Qe3 Rc8 25.Ng4 Nd7 26.Qa7 Qd8 27.Bb3 Ra8 28.Qe3 Bxb3 29.axb3 Nb6
30.Be5 Nd5 31.Qd4 Bf8 32.c4 f5 33.gxf6 Nb4 34.f7+ Kxf7 35.Qf4+ Kg8 36.Nf6+ Kh8
37.Nxh7+

[Event "aut_chT04"]
[Site "Fuerstenfeld"]
[Date "2005.01.16"]
[Round "7"]
[Board "5"]
[White "Karner, Christoph"]
[Black "Kilgus, Georg"]
[Result "1/2-1/2"]
[WhiteElo "2370"]
[BlackElo "2353"]
[PlyCount "56"]

1.d4 Nf6 2.c4 e6 3.Nc3 Bb4 4.Qc2 c5 5.dxc5 O-O 6.Bf4 Na6 7.Nf3 Nxc5 8.a3 Bxc3+
9.Qxc3 d6 10.Qc2 e5 11.Bg5 Be6 12.e3 Rc8 13.Be2 Nce4 14.Bxf6 Nxf6 15.O-O b5
16.b3 bxc4 17.bxc4 Qa5 18.Rfc1 Rc6 19.Qb3 Ne4 20.Qc2 Nf6 21.Ng5 Bxc4 22.Bxc4 d5
23.Qb3 Qc7 24.Nf3 dxc4 25.Qa4 Rc8 26.Rab1 Nd7 27.Rb5 Nc5 28.Qxc4 Qd6

[Event "aut_chT04"]
[Site "Fuerstenfeld"]
[Date "2005.01.16"]
[Round "7"]
[Board "6"]
[White "Kleiser, Gregor"]
[Black "Singer, Richard"]
[Result "1/2-1/2"]
[WhiteElo "2262"]
[BlackElo "2280"]
[PlyCount "76"]

1.e4 c6 2.c4 e5 3.Nc3 Nf6 4.Nf3 Bb4 5.Be2 O-O 6.O-O Re8 7.Qc2 Qc7 8.a3 Bc5 9.d3
h6 10.Bd2 d6 11.Rac1 Bg4 12.Nd1 Nbd7 13.Ne3 Bxe3 14.fxe3 Qd8 15.h3 Be6 16.Be1
Rc8 17.Bh4 Qb6 18.d4 g5 19.Bg3 g4 20.c5 Qb3 21.Qxb3 Bxb3 22.Nd2 Ba2 23.Bh4 Kg7
24.b3 exd4 25.exd4 Nxe4 26.Bxg4 Nxd2 27.Bxd7 Nxf1 28.Rxf1 dxc5 29.Bf6+ Kf8
30.dxc5 Rcd8 31.Bxe8 Rxe8 32.Rf3 Re6 33.Bd4 Re1+ 34.Kf2 Rb1 35.b4 Rd1 36.Ke3 Bc4
37.Bc3 Rd3+ 38.Kf4 Rxf3+

[Event "aut_chT04"]
[Site "Fuerstenfeld"]
[Date "2005.01.16"]
[Round "7"]
[Board "1"]
[White "Milov, Vadim"]
[Black "Gustafsson, Jan"]
[Result "1/2-1/2"]
[WhiteElo "2668"]
[BlackElo "2616"]
[PlyCount "77"]

1.d4 d5 2.c4 c6 3.Nc3 Nf6 4.e3 a6 5.Bd3 e6 6.Nf3 dxc4 7.Bxc4 b5 8.Bd3 c5 9.a4 b4
10.Ne4 Nbd7 11.O-O Bb7 12.Ned2 Be7 13.Qe2 a5 14.e4 O-O 15.e5 Nd5 16.Nb3 cxd4
17.Qe4 g6 18.Bh6 Re8 19.Bb5 Ba6 20.Nfxd4 Bxb5 21.Nxb5 Nc5 22.Nxc5 Bxc5 23.Rad1
Rc8 24.Rd3 f5 25.exf6 Qxf6 26.Qe2 Qh4 27.Rh3 Nf4 28.Bxf4 Qxf4 29.Rf3 Qg5 30.g3
Rcd8 31.Rd1 Rxd1+ 32.Qxd1 Rf8 33.Rxf8+ Kxf8 34.Nc7 Qf6 35.Qe2 Kf7 36.b3 Qf5
37.Qd2 Ke7 38.Kg2 Bb6 39.Nb5

[Event "aut_chT04"]
[Site "Fuerstenfeld"]
[Date "2005.01.16"]
[Round "7"]
[Board "2"]
[White "Atlas, Valery"]
[Black "Ruck, Robert"]
[Result "1/2-1/2"]
[WhiteElo "2478"]
[BlackElo "2554"]
[PlyCount "30"]

1.e4 c5 2.Nf3 d6 3.d4 cxd4 4.Nxd4 Nf6 5.Nc3 a6 6.g3 e5 7.Nb3 Nbd7 8.Bg2 b5 9.O-O
Be7 10.Bd2 O-O 11.Re1 Nb6 12.Na5 Bg4 13.Qc1 Be6 14.a4 Qd7 15.b3 Rfc8

[Event "aut_chT04"]
[Site "Fuerstenfeld"]
[Date "2005.01.16"]
[Round "7"]
[Board "3"]
[White "Ribli, Zoltan"]
[Black "Baramidze, David"]
[Result "1-0"]
[WhiteElo "2603"]
[BlackElo "2550"]
[PlyCount "49"]

1.Nf3 d5 2.d4 e6 3.c4 Nf6 4.Nc3 Be7 5.Bf4 O-O 6.e3 c5 7.dxc5 Bxc5 8.cxd5 Nxd5
9.Nxd5 exd5 10.a3 Nc6 11.Bd3 Bb6 12.O-O d4 13.e4 Bg4 14.h3 Bh5 15.Rc1 Rc8 16.Re1
Bc7 17.e5 Bg6 18.Bxg6 hxg6 19.Qb3 Bb6 20.e6 Na5 21.exf7+ Rxf7 22.Qe6 Rxc1
23.Rxc1 Qd7 24.Rc8+ Bd8 25.Ng5

[Event "aut_chT04"]
[Site "Fuerstenfeld"]
[Date "2005.01.16"]
[Round "7"]
[Board "4"]
[White "Bezold, Michael"]
[Black "Brestian, Egon"]
[Result "1-0"]
[WhiteElo "2532"]
[BlackElo "2415"]
[PlyCount "95"]

1.d4 Nf6 2.Bg5 c5 3.d5 g6 4.Nc3 Bg7 5.e4 d6 6.Bb5+ Nbd7 7.a4 Qa5 8.Bd2 a6 9.Ra3
O-O 10.Nf3 Qc7 11.Be2 b6 12.O-O Bb7 13.Bf4 Rae8 14.h3 h6 15.Bc4 Ne5 16.Nxe5 dxe5
17.Be3 Nh5 18.Qd3 Ra8 19.Qd2 Kh7 20.Ne2 Rad8 21.Qe1 Nf4 22.b4 e6 23.dxe6 fxe6
24.bxc5 Bxe4 25.f3 Bb7 26.Ng3 bxc5 27.Bf2 e4 28.Nxe4 Bd4 29.Rb3 Bxe4 30.fxe4 Rb8
31.Rf3 g5 32.c3 Bxf2+ 33.R1xf2 a5 34.Bf1 Qe5 35.c4 Qc7 36.e5 Kg7 37.Qe4 Rbd8
38.Rb3 Rf7 39.g3 Rd4 40.Qa8 Rd8 41.Qa6 Ng6 42.Qxe6 Rxf2 43.Kxf2 Nxe5 44.Rb6 Nf7
45.Qg6+ Kf8 46.Rf6 Qd7 47.Kg1 Rb8 48.Rxf7+